| 000 | 00939nam a2200253Ia 4500 | ||
|---|---|---|---|
| 003 | OSt | ||
| 005 | 20221005113325.0 | ||
| 006 | a|||||r|||| 00| 0 | ||
| 007 | ta | ||
| 008 | 221004b |||||||| |||| 00| 0 pan d | ||
| 020 |
_a8130201186 (hbk) _cINR 200.00 |
||
| 024 | _a33227 | ||
| 037 |
_b790, 27/02/2017, H.K. Prakashan _cTextual |
||
| 040 |
_aCRL _cCRL _bpan |
||
| 041 |
_2pan _apan |
||
| 082 | _aY73(P153):351, 153P2;Q6.2 | ||
| 100 | _aਥਿੰਦ, ਕਰਨੈਲ ਸਿੰਘ, ਂਚ. | ||
| 245 | 0 | _aਪੰਜਾਬ ਦਾ ਲੋਕ ਵਿਰਸਾ (ਭਾਗ-2) | |
| 260 |
_aਪਟਿਆਲਾ _bਪਬਲੀਕੇFਨ ਬਿਊਰੋ ਭਾਰਤ _c2016 |
||
| 300 |
_a155ਪ੍ਰ0 _ccm. |
||
| 650 | _a ਸਭਿਆਚਾਰ | ||
| 942 |
_hY73(P153):351, 153P2;Q6.2 _cTEXL _2cc |
||
| 999 |
_c1027799 _d1027799 |
||